000 00713nam a2200241 i 4500
001 bg
100 1 _aCRUMLISH, Christian
245 1 0 _aInternet :
_bpomoc dla początkujących /
_cChristian Crumlish ; z ang. przeł. Stefan Uss.
246 _iTyt. oryg.:
_aThe Internet: no experience required
260 _aMichałowice :
_b"Help",
_c1999.
300 _a353 s. ;
_c24 cm.
500 _aTyt. oryg.: "The Internet: no experience required" 2nd ed.
504 _aIndeks.
650 9 _aInternet
655 _aPodręczniki
020 _a8387211311
040 _cBPK
041 1 _apl
_hen
080 _a004.738.5(07)
920 _a83-87211-31-1
942 _cKS
008 s pl f |000 0 pol
999 _c35796
_d35796
856 _uhttp://koha.tu.koszalin.pl/cgi-bin/koha/opac-detail.pl?biblionumber=35796
_yKatalog online BPK